Exploring space around us /

Saved in:
Bibliographic Details
Main Author: Dienes, Zoltan P. (Zoltan Paul)
Corporate Author: International Study Group for Mathematics Learning
Format: Book
Language:English
Published: Quebec : Centre de Recherches en Psycho-Mathématique, Université de Sherbrooke, 1971.
Series:Living mathematics.
Subjects:
LEADER 01055nam a2200253 a 4500
001 c000161051
003 CARM
005 20020524153345.0
008 020104s1971 quca 000 0 eng d
019 1 |a 23606977  |5 LACONCORD2021 
035 |a (OCoLC)223634118  |5 LACONCORD2021 
040 |a VU  |b eng  |c VU 
082 0 4 |a 513.07 
100 1 |a Dienes, Zoltan P.  |q (Zoltan Paul) 
245 1 0 |a Exploring space around us /  |c Z.P. Dienes. 
260 |a Quebec :  |b Centre de Recherches en Psycho-Mathématique, Université de Sherbrooke,  |c 1971. 
300 |a 9, 12, 8, 22, 18, 14, 25 p. :  |b ill. ;  |c 28 cm. 
440 0 |a Living mathematics. 
500 |a At foot of title: International Study Group for Mathematics Learning. 
650 0 |a Geometry  |x Study and teaching. 
710 2 |a International Study Group for Mathematics Learning. 
852 8 |b CARM  |h A2:AP03E0  |i D05906  |p 0212248  |f BK 
999 f f |i 6dfcb44c-29f4-5910-b5b3-df71087cb282  |s 53b14236-e14c-56cd-9b3f-ffcc76f82c91 
952 f f |p Can circulate  |a CAVAL  |b CAVAL  |c CAVAL  |d CARM 1 Store  |e D05906  |f A2:AP03E0  |h Other scheme  |i book  |m 0212248